000 00741nam a2200181Ia 4500
008 100920s9999 xx 000 0 und d
082 _b97212
_a24 0
100 _aअनु. पटवर्धन सीताराम पुरुषोत्तम.
245 _aसत्याचे प्रयोग अथवा आत्मकथा.
260 _bनवजीवन प्रकाशन ,अहमदाबाद.
_c0
300 _a488
_bसाधी
365 _b30
520 _aसायो.
630 _aसत्याचे प्रयोग अथवा आत्मकथा.
650 _aसायो.
730 _aसत्याचे प्रयोग अथवा आत्मकथा.
942 _cBOOK
999 _c737651
_d737648